Las bases sociales de democracia en Costa Rica/
Señala algunos factores de desarrollo de la democracia liberal en Costa Rica. EL análisis se centra en. Igualitarismo básico (nivel de desigualdad y discriminación), Institucionalidad estatal (conformación del Estado liberal - democrático y su posterior reordenación en el campo económico y social),...
Sparad:
| Huvudupphovsman: | |
|---|---|
| Institutionella upphovsmän: | , |
| Materialtyp: | Konferenspublikation |
| Språk: | Spanish |
| Publicerad: |
San José:
Instituto de Investigaciones Sociales
|
| Ämnen: | |
| Taggar: |
Lägg till en tagg
Inga taggar, Lägg till första taggen!
|
MARC
| LEADER | 00000 a a2200000 04500 | ||
|---|---|---|---|
| 001 | 20218 | ||
| 003 | cru CIDCACS/IIS | ||
| 005 | 20230815120145.0 | ||
| 008 | 230815b1979 pn ||||| |||| 00| 0 spa d | ||
| 040 | |c cru CIDCACS/IIS | ||
| 090 | |a 04.02.02 V422b | ||
| 100 | |a Vega Carballo, José Luis | ||
| 110 | |a Universidad de Costa Rica. Facultad de Ciencias Sociales. Instituto de Investigaciones Sociales | ||
| 111 | 1 | |9 11595 |a XIII Congreso Latinoamericano de Sociología (Ciudad de Panamá:19-23 de noviembre de 1970) | |
| 245 | |a Las bases sociales de democracia en Costa Rica/ |c José Luis Vega Carballo | ||
| 260 | |a San José: |b Instituto de Investigaciones Sociales | ||
| 300 | |a 93 páginas | ||
| 520 | |a Señala algunos factores de desarrollo de la democracia liberal en Costa Rica. EL análisis se centra en. Igualitarismo básico (nivel de desigualdad y discriminación), Institucionalidad estatal (conformación del Estado liberal - democrático y su posterior reordenación en el campo económico y social), Dominación indirecta (liberalismo y patriarcalismo como mecanismos de dominación más refinados que los directos y verticales del período patriarcal oligárquico), Dominación abstracta (básicamente instituciones jurídicas), Ciudadanía (especialmente mecanismos de elección y sufragio), Nacionalidad (su temprana formación)./ACM | ||
| 650 | |a OSTA RICA | ||
| 650 | |a DEMOCRACIA | ||
| 650 | |a ASPECTOS POLITICOS | ||
| 650 | |a IDEOLOGIAS POLITICAS | ||
| 650 | |a ESTABILIDAD POLITICA | ||
| 942 | |2 z |c LITG |h 04.02.02 V422b |i 07605 |6 040202_V422B_07605 | ||
| 999 | |c 5925 |d 5925 | ||
